000 01307nam0a22003011 4500
001 rc\2323847
005 20110829144452.4
035 _a(NLR Aleph) 006674338
090 _a5018505
_c5018505
100 _a20110829d1977 |||y0rusy50 ca
101 0 _arus
102 _aRU
105 _aa z |||||
200 1 _aМетодические рекомендации по проектированию организации больших строительных систем
_fНИИ строит. пр-ва, Киев. инж.-строит. ин-т.
_g[Подгот. С.А. Ушацкий, В.Г. Лубенец, П.И. Недавний]
210 _aКиев
_cНИИСП
_d1977
215 _a51 с., 1 л. табл.
_cил.
_d20
320 _aСписок лит.: с. 50 (12 назв.)
606 _aСтроительство
_xОрганизация
_xПроектирование
_2rkp
702 1 _aНедавний
_bП. И.
_4570
702 1 _aУшацкий
_bС. А.
_gСергей Андреевич
_4570
702 1 _aЛубенец
_bВ. Г.
_4570
712 0 2 _aНИИ строит. производства
_cКиев
_3RU\NLR\AUTH\8810003115
801 0 _aRU
_bNLR
_gpsbo
801 1 _aRU
_bELAR
_2rusmarc
852 _aNLR
_j78-4/11404
899 _aRuMoRGB
_jM 78-11/1127
942 _cBOOK
980 _aNB